[Event "Roquebrune rapid"]
[Site "Roquebrune"]
[Date "1992.??.??"]
[Round "5"]
[White "Ivanchuk, Vassily"]
[Black "Polugaevsky, Lev"]
[Result "1-0"]
[WhiteElo "2720"]
[BlackElo "2630"]
[PlyCount "135"]
[EventDate "1992.02.??"]
[EventType "tourn (rapid)"]
[EventRounds "22"]
[EventCountry "FRA"]
[EventCategory "15"]
[SourceTitle "CBM 028"]
[Source "ChessBase"]
[SourceDate "1992.06.01"]
[SourceVersion "1"]
[SourceVersionDate "1992.06.01"]
[SourceQuality "1"]

1. e4 c5 2. Nc3 e6 3. Nf3 a6 4. g3 b5 5. Bg2 Bb7 6. d3 d6 7. 0-0 Be7 8. e5 dxe5 9. Nxe5 Bxg2 10. Kxg2 Nf6 11. Qf3 Ra7 12. a4 b4 13. Ne4 0-0 14. Be3 Rc7 15. Nxf6+ Bxf6 16. Nc4 Qd5 17. Bf4 Rb7 18. Bxb8 Rfxb8 19. Rae1 Rd7 20. Re3 h5 21. h3 h4 22. g4 b3 23. c3 Bg5 24. Re5 Qxf3+ 25. Kxf3 Bf6 26. Rxc5 Rxd3+ 27. Ne3 Rd2 28. Rb1 Rbd8 29. Rc6 Bg5 30. Nc4 Rc2 31. Rxa6 Rd3+ 32. Ne3 f5 33. gxf5 exf5 34. Ra5 Bxe3 35. fxe3 Rh2 36. Rxf5 Rxh3+ 37. Kf4 Rhxe3 38. a5 Rf3+ 39. Kg4 Rxf5 40. Kxf5 Rd5+ 41. Kg4 Rxa5 42. Kxh4 Ra2 43. Kg4 Kf7 44. Kf5 Ke7 45. Ke5 g5 46. Kd4 Ra4+ 47. c4 Kd6 48. Rg1 Ra5 49. Kc3 Rf5 50. Kxb3 Kc5 51. Rg3 Re5 52. Kc3 Rf5 53. b4+ Kd6 54. Rd3+ Ke6 55. b5 g4 56. Kb4 Rf3 57. Rd1 g3 58. b6 Rf2 59. Kc5 g2 60. b7 Rb2 61. Kc6 Ke5 62. c5 Ke4 63. Kc7 Ke3 64. c6 Ke2 65. Rg1 Kf2 66. Rxg2+ Kxg2 67. b8Q Rxb8 68. Kxb8 1-0

[Event "Paris Immopar rapid"]
[Site "Paris"]
[Date "1992.??.??"]
[Round "2"]
[White "Kasparov, Garry"]
[Black "Polugaevsky, Lev"]
[Result "1-0"]
[WhiteElo "2790"]
[BlackElo "2640"]
[PlyCount "113"]
[EventDate "1992.11.??"]
[EventType "k.o. (rapid)"]
[EventRounds "4"]
[EventCountry "FRA"]
[SourceTitle "CBM 033"]
[Source "ChessBase"]
[SourceDate "1993.04.01"]
[SourceVersion "1"]
[SourceVersionDate "1993.04.01"]
[SourceQuality "1"]

1. d4 Nf6 2. c4 e6 3. Nf3 Bb4+ 4. Bd2 c5 5. Bxb4 cxb4 6. Qb3 a5 7. a3 Na6 8. Nbd2 d6 9. g3 b6 10. Bg2 Bb7 11. 0-0 0-0 12. Rfd1 Qe7 13. Nf1 Be4 14. N1d2 Bb7 15. Nh4 Bxg2 16. Nxg2 Qb7 17. Qd3 Rfe8 18. e4 e5 19. f3 bxa3 20. bxa3 Nc7 21. Ne3 Ne6 22. Nf5 Qc7 23. d5 Nc5 24. Qe3 Qd8 25. Rab1 g6 26. Nh6+ Kg7 27. Nf1 Nfd7 28. h4 Rf8 29. Rb2 f5 30. exf5 gxf5 31. Qg5+ Qxg5 32. hxg5 Kg6 33. f4 Rae8 34. Rf2 exf4 35. gxf4 Re4 36. Nd2 Rd4 37. Re1 Ne4 38. Nxe4 Rxe4 39. Rxe4 fxe4 40. Ng4 Rc8 41. Ne3 b5 42. Rh2 h5 43. gxh6 Kh7 44. cxb5 Rc3 45. Nf5 Rc1+ 46. Kf2 Nb6 47. Nxd6 Rc2+ 48. Kg3 Rc3+ 49. Kg4 Nxd5 50. Nxe4 Rc4 51. Kf3 Ra4 52. Ng5+ Kh8 53. Rd2 Rxf4+ 54. Kg3 Rf5 55. Kg4 Rf4+ 56. Kh5 Rf5 57. b6 1-0

[Event "Reggio Emilia-A 9192 34th"]
[Site "Reggio Emilia"]
[Date "1992.??.??"]
[Round "1"]
[White "Khalifman, Alexander"]
[Black "Polugaevsky, Lev"]
[Result "1/2-1/2"]
[WhiteElo "2630"]
[BlackElo "2630"]
[PlyCount "85"]
[EventDate "1991.12.??"]
[EventType "tourn"]
[EventRounds "9"]
[EventCountry "ITA"]
[EventCategory "18"]
[SourceTitle "CBM 027"]
[Source "ChessBase"]
[SourceDate "1992.04.01"]
[SourceVersion "1"]
[SourceVersionDate "1992.04.01"]
[SourceQuality "1"]

1. d4 Nf6 2. c4 e6 3. Nf3 b6 4. Nc3 Bb7 5. a3 d5 6. Qa4+ Qd7 7. Qc2 dxc4 8. e4 b5 9. Bf4 a6 10. 0-0-0 Be7 11. g4 Nc6 12. g5 Nh5 13. Be3 b4 14. Ne5 Nxe5 15. dxe5 Qc6 16. axb4 Bxb4 17. Be2 g6 18. Rd4 Bc5 19. Rxc4 Bxe3+ 20. fxe3 Qb6 21. Qa4+ c6 22. Rd4 0-0 23. Bxh5 gxh5 24. Qb4 Qxb4 25. Rxb4 Rab8 26. Rd1 c5 27. Rb6 h4 28. Rf1 Rfc8 29. Rf4 Rc6 30. Rxc6 Bxc6 31. Rxh4 a5 32. Rf4 a4 33. Kc2 Ra8 34. Rf1 a3 35. Ra1 axb2 36. Rxa8+ Bxa8 37. Kxb2 Kg7 38. Kb3 Kg6 39. Kc4 Kxg5 40. Kxc5 Kg4 41. Kd6 Kf3 42. Ke7 Kxe3 43. Kxf7 1/2-1/2

[Event "Oviedo rapid45"]
[Site "Oviedo"]
[Date "1992.??.??"]
[Round "7"]
[White "King, Daniel J"]
[Black "Polugaevsky, Lev"]
[Result "1-0"]
[WhiteElo "2505"]
[BlackElo "2630"]
[PlyCount "64"]
[EventDate "1992.??.??"]
[EventType "swiss (rapid)"]
[EventRounds "11"]
[EventCountry "ESP"]
[SourceTitle "TD"]
[Source "ChessBase"]
[SourceDate "1994.03.01"]
[SourceVersion "1"]
[SourceVersionDate "1994.03.01"]
[SourceQuality "1"]

1. c4 c5 2. Nf3 Nc6 3. e3 e6 4. d4 d5 5. Nc3 Nf6 6. a3 a6 7. Ne5 Be7 8. Be2 0-0 9. 0-0 cxd4 10. exd4 dxc4 11. Nxc6 bxc6 12. Bxc4 a5 13. Bg5 h6 14. Bh4 Ba6 15. Bxa6 Rxa6 16. Rc1 Ra7 17. Na4 Rd7 18. Rc4 e5 19. Bxf6 Bxf6 20. Qf3 exd4 21. Nc5 Rd5 22. Nd3 Qd7 23. Rfc1 Rc8 24. g3 Rd6 25. Rc5 Bd8 26. Kg2 Kf8 27. Qe4 Bb6 28. Rf5 c5 29. Nxc5 Bxc5 30. Rfxc5 Rxc5 31. Rxc5 d3 32. Qa8+ Ke7 1-0

[Event "Hastings 9293"]
[Site "Hastings"]
[Date "1992.??.??"]
[Round "1"]
[White "Nunn, John DM"]
[Black "Polugaevsky, Lev"]
[Result "1-0"]
[WhiteElo "2595"]
[BlackElo "2640"]
[PlyCount "59"]
[EventDate "1992.12.??"]
[EventType "tourn"]
[EventRounds "14"]
[EventCountry "ENG"]
[EventCategory "13"]
[SourceTitle "CBM 033"]
[Source "ChessBase"]
[SourceDate "1993.04.01"]
[SourceVersion "1"]
[SourceVersionDate "1993.04.01"]
[SourceQuality "1"]

1. e4 c5 2. Nf3 d6 3. d4 cxd4 4. Nxd4 Nf6 5. Nc3 a6 6. Be3 e6 7. f3 b5 8. g4 h6 9. Qd2 Nbd7 10. 0-0-0 Bb7 11. h4 b4 12. Nce2 d5 13. Ng3 Qa5 14. Kb1 dxe4 15. Nxe4 Nxe4 16. fxe4 Nf6 17. Bg2 0-0-0 18. Qe2 Qc7 19. Rhf1 Bd6 20. g5 hxg5 21. hxg5 Nxe4 22. g6 Rh2 23. Rxf7 Rxg2 24. Rxc7+ Bxc7 25. Qc4 Rxg6 26. Rf1 e5 27. Ne6 Rxe6 28. Qxe6+ Kb8 29. Qe7 a5 30. Rf8 1-0

[Event "Roquebrune rapid"]
[Site "Roquebrune"]
[Date "1992.??.??"]
[Round "8"]
[White "Polgar, Judit"]
[Black "Polugaevsky, Lev"]
[Result "0-1"]
[WhiteElo "2550"]
[BlackElo "2630"]
[PlyCount "136"]
[EventDate "1992.02.??"]
[EventType "tourn (rapid)"]
[EventRounds "22"]
[EventCountry "FRA"]
[EventCategory "15"]
[SourceTitle "CBM 028"]
[Source "ChessBase"]
[SourceDate "1992.06.01"]
[SourceVersion "1"]
[SourceVersionDate "1992.06.01"]
[SourceQuality "1"]

1. e4 c5 2. Nf3 d6 3. d4 cxd4 4. Nxd4 Nf6 5. Nc3 a6 6. f4 Qc7 7. Nf3 e6 8. Bd3 Nbd7 9. 0-0 b5 10. Qe1 Bb7 11. Kh1 b4 12. Nd1 Be7 13. Nf2 Nc5 14. Bd2 a5 15. a3 b3 16. Bb5+ Nfd7 17. Rc1 bxc2 18. Rxc2 a4 19. Bb4 0-0 20. Qe3 Nf6 21. f5 exf5 22. exf5 Nd5 23. Qd4 Qb6 24. Bc4 Bf6 25. Bxc5 dxc5 26. Qd2 Rad8 27. Qc1 Bd4 28. Re2 Nf6 29. Re7 Rde8 30. Qe1 Qd8 31. Rxe8 Rxe8 32. Qd2 Bxf3 33. gxf3 Qd7 34. Qd3 Re3 35. Qd1 Qxf5 36. Be2 Qd7 37. Ng4 Nd5 38. Nxe3 Nxe3 39. Qd3 Nxf1 40. Bxf1 Qb7 41. Qe2 g6 42. Kg2 Qxb2 43. Qxb2 Bxb2 44. Bb5 Bxa3 45. Bxa4 c4 46. Kf2 c3 47. Ke3 Bd6 48. h3 Kg7 49. f4 f5 50. Bb3 Kf6 51. Kf3 Bc5 52. Ke2 h6 53. Kd3 Bb4 54. Kc4 Ba5 55. Kd4 g5 56. Ke3 Bc7 57. fxg5+ hxg5 58. Kd4 Be5+ 59. Ke3 g4 60. hxg4 fxg4 61. Ke4 g3 62. Kf3 Ke7 63. Bc2 Kd6 64. Be4 Kc5 65. Ke2 Kd4 66. Bc2 Kc4 67. Ke3 Kb4 68. Ke2 Ka3 0-1

[Event "Roquebrune rapid"]
[Site "Roquebrune"]
[Date "1992.??.??"]
[Round "21"]
[White "Polugaevsky, Lev"]
[Black "Anand, Viswanathan"]
[Result "1/2-1/2"]
[WhiteElo "2630"]
[BlackElo "2670"]
[PlyCount "61"]
[EventDate "1992.02.??"]
[EventType "tourn (rapid)"]
[EventRounds "22"]
[EventCountry "FRA"]
[EventCategory "15"]
[SourceTitle "CBM 028"]
[Source "ChessBase"]
[SourceDate "1992.06.01"]
[SourceVersion "1"]
[SourceVersionDate "1992.06.01"]
[SourceQuality "1"]

1. d4 Nf6 2. c4 e6 3. Nf3 b6 4. g3 Ba6 5. b3 Bb7 6. Bg2 Bb4+ 7. Bd2 a5 8. 0-0 0-0 9. Nc3 h6 10. Qc2 Re8 11. Rfe1 Bxc3 12. Bxc3 Be4 13. Qb2 d5 14. Bf1 Bxf3 15. exf3 Nbd7 16. Bd3 a4 17. Rad1 axb3 18. axb3 Ra7 19. f4 Qa8 20. f5 Nf8 21. Ra1 exf5 22. Rxa7 Rxe1+ 23. Bxe1 Qxa7 24. Bxf5 dxc4 25. bxc4 Qa4 26. Qc2 Qa1 27. Qc3 Qd1 28. Kg2 Ne6 29. Bd2 Qh5 30. Bxe6 fxe6 31. Bf4 1/2-1/2